Marken, die zu Nestlé gehören - Statistiken

Allgemein
  • Dieses Quiz wurde 135 mal gespielt
  • Das Durchschnittsergebnis liegt bei 3 aus 12
Answers on the Grid
Answers color-coded by a green-red scale on the quiz's grid according to % correct below.
CINI MINIS
Felix
Maggi
After Eight
Lion
Nesquik
Cheerios
S.Pellegrino
Thomy
Bärenmarke
Herta
KitKat
Dickmanns
Lipton
Knorr
Ariel
Dr. Oetker
Wagner
Lays
Chio
 
Antwortstatistiken
Antwort % Korrekt
Nesquik
74%
KitKat
50%
Lion
39%
Maggi
35%
After Eight
26%
CINI MINIS
24%
S.Pellegrino
24%
Thomy
21%
Felix
11%
Cheerios
9%
Bärenmarke
8%
Herta
3%
Keine übereinstimmenden Quizze gefunden
Verteilung der Resultate
Anzahl Personen mit jedem Resultat
Perzentil nach korrekt beantworteten Fragen
Ihre Resultats-Entwicklung
Sie haben dieses Quiz noch nicht gespielt